[Event "Piestany op-A"]
[Site "Piestany"]
[Date "2023.07.16"]
[Round "6"]
[White "Vaibhav, Jayant Raut"]
[Black "Morais, Miguel Almeida"]
[Result "0-1"]
[WhiteElo "2218"]
[BlackElo "1923"]
[PlyCount "148"]
[EventDate "2023.07.11"]
[EventType "swiss"]
[EventRounds "9"]
[EventCountry "SVK"]
[SourceTitle "EXT 2024"]
[Source "ChessBase"]
[SourceDate "2023.10.10"]
[SourceVersion "1"]
[SourceVersionDate "2023.10.10"]
[SourceQuality "1"]

1. c4 c6 2. Nf3 d5 3. e3 Nf6 4. b3 Bf5 5. Bb2 e6 6. Be2 h6 7. h3 Bd6 8. 0-0 0-0 9. d4 a5 10. a3 Nbd7 11. Nbd2 Ne4 12. c5 Bc7 13. b4 axb4 14. axb4 Qf6 15. Nxe4 dxe4 16. Nd2 Rxa1 17. Bxa1 Qh4 18. Bg4 Nf6 19. Bxf5 exf5 20. Nc4 Nd5 21. b5 g5 22. Ne5 g4 23. bxc6 gxh3 24. g3 Qg5 25. Kh2 bxc6 26. Qa4 Qh5 27. Qd1 Qxd1 28. Rxd1 Bxe5 29. dxe5 Ra8 30. Kxh3 Ra2 31. Rf1 Nb4 32. g4 fxg4+ 33. Kxg4 Nd3 34. f4 exf3 35. Kxf3 Nxc5 36. Bd4 Ne6 37. Rc1 Ra6 38. Ke4 Kg7 39. Rg1+ Kh7 40. Kf5 c5 41. Bc3 Ra2 42. Ke4 h5 43. Rf1 Kg6 44. Rf6+ Kg7 45. Rf1 Rg2 46. Be1 Rc2 47. Bf2 Kg6 48. Kd3 Ra2 49. Bh4 Ra4 50. Bf6 Rg4 51. Ra1 h4 52. Ra8 Ng5 53. Rh8 Kf5 54. Rh5 c4+ 55. Kc2 Kg6 56. Rh8 Nh7 57. Be7 h3 58. Rg8+ Kf5 59. Rh8 Rg7 60. Bf6 Nxf6 61. exf6 Rg3 62. Kc3 Rxe3+ 63. Kxc4 Kg4 64. Kd4 Re6 65. Rg8+ Kf3 66. Rh8 Kg2 67. Rg8+ Kh1 68. Rh8 h2 69. Kd3 Re1 70. Kd2 Rg1 71. Ke2 Kg2 72. Rg8+ Kh3 73. Rh8+ Kg3 74. Rg8+ Kf4 0-1

[Event "Piestany op-A"]
[Site "Piestany"]
[Date "2023.07.14"]
[Round "4"]
[White "Rounaiv, Rana"]
[Black "Morais, Miguel Almeida"]
[Result "1/2-1/2"]
[WhiteElo "2102"]
[BlackElo "1923"]
[PlyCount "103"]
[EventDate "2023.07.11"]
[EventType "swiss"]
[EventRounds "9"]
[EventCountry "SVK"]
[SourceTitle "EXT 2024"]
[Source "ChessBase"]
[SourceDate "2023.10.10"]
[SourceVersion "1"]
[SourceVersionDate "2023.10.10"]
[SourceQuality "1"]

1. d4 d5 2. c4 c6 3. cxd5 cxd5 4. Nc3 Nf6 5. Bf4 Nc6 6. e3 a6 7. Bd3 Bg4 8. f3 Bh5 9. Nge2 e6 10. 0-0 Bd6 11. Rc1 0-0 12. Bb1 Bxf4 13. Nxf4 Bg6 14. Bxg6 hxg6 15. Nd3 Nd7 16. b4 Qe7 17. Qb3 Nb6 18. a4 Nc4 19. Rfe1 Rfc8 20. a5 Qg5 21. f4 Qd8 22. Na4 b6 23. axb6 Nxb6 24. Nac5 Nc4 25. Qc3 Rcb8 26. Rb1 Rb5 27. Ne5 N6xe5 28. fxe5 a5 29. bxa5 Qxa5 30. Qxa5 Raxa5 31. Rxb5 Rxb5 32. Kf2 Nxe5 33. Ra1 Ng4+ 34. Kf3 Nf6 35. Ra8+ Kh7 36. Rf8 Ne4 37. Nxe4 dxe4+ 38. Kxe4 Rb7 39. h4 g5 40. hxg5 Kg6 41. Kf4 Rb2 42. g3 Rf2+ 43. Kg4 Rf5 44. e4 Rxg5+ 45. Kf4 Ra5 46. Rc8 Ra4 47. Rd8 Kf6 48. Ke3 Ra3+ 49. Kf4 Ra4 50. Ke3 Ra3+ 51. Kf4 Ra4 52. Ke3 1/2-1/2

[Event "Sitges Sunway op 9th"]
[Site "Sitges"]
[Date "2022.12.20"]
[Round "8"]
[White "Morais, Miguel Almeida"]
[Black "Wecker, Martin"]
[Result "1/2-1/2"]
[WhiteElo "1844"]
[BlackElo "2150"]
[PlyCount "79"]
[EventDate "2022.12.12"]
[EventType "swiss"]
[EventRounds "10"]
[EventCountry "ESP"]
[SourceTitle "CBM 211 Extra"]
[Source "ChessBase"]
[SourceDate "2023.01.31"]
[SourceVersion "1"]
[SourceVersionDate "2023.01.31"]
[SourceQuality "1"]

1. d4 Nf6 2. c4 e6 3. Nc3 Bb4 4. f3 c5 5. d5 d6 6. e4 b5 7. Nge2 bxc4 8. Ng3 exd5 9. exd5 0-0 10. Bxc4 Nbd7 11. 0-0 Nb6 12. Qd3 Nxc4 13. Qxc4 Qb6 14. Rd1 Ba6 15. Qf4 Bxc3 16. bxc3 Rfe8 17. Nf5 Re5 18. Qg5 Ne8 19. Bf4 f6 20. Qg4 c4+ 21. Kf1 Qc7 22. Rab1 Bc8 23. Bxe5 fxe5 24. Qg5 Nf6 25. Ng3 Bb7 26. Ne4 Rf8 27. Nxf6+ Rxf6 28. Qe3 Bc8 29. Kg1 Bf5 30. Rb4 Rf8 31. Rd2 Rb8 32. Rdb2 Rxb4 33. Rxb4 Bd3 34. h3 h6 35. Qf2 Kh7 36. Kh1 Qa5 37. Kh2 Qxd5 38. Qxa7 e4 39. Qd4 Qg5 40. fxe4 1/2-1/2

[Event "Sitges Sunway op 9th"]
[Site "Sitges"]
[Date "2022.12.14"]
[Round "3"]
[White "Aditya, Varun Gampa"]
[Black "Morais, Miguel Almeida"]
[Result "1/2-1/2"]
[WhiteElo "2249"]
[BlackElo "1844"]
[PlyCount "50"]
[EventDate "2022.12.12"]
[EventType "swiss"]
[EventRounds "10"]
[EventCountry "ESP"]
[SourceTitle "CBM 211 Extra"]
[Source "ChessBase"]
[SourceDate "2023.01.31"]
[SourceVersion "1"]
[SourceVersionDate "2023.01.31"]
[SourceQuality "1"]

1. e4 c6 2. d4 d5 3. e5 Bf5 4. h4 h5 5. c4 e6 6. Nc3 dxc4 7. Bxc4 Nd7 8. Nge2 Be7 9. Ng3 Bg6 10. Nge4 Nh6 11. Bg5 Bxe4 12. Nxe4 Nf5 13. Rh3 Nb6 14. Bb3 Qxd4 15. Qxd4 Nxd4 16. 0-0-0 Nf5 17. Rhd3 Nd5 18. f3 Bxg5+ 19. hxg5 h4 20. g6 Ke7 21. gxf7 Kxf7 22. Rh1 Ke7 23. Rhd1 Kf7 24. Rh1 Ke7 25. Rhd1 Kf7 1/2-1/2

[Event "Lisbon Portugal rapid op"]
[Site "Lisbon"]
[Date "2022.09.04"]
[Round "9"]
[White "Guia, Artur Solovyov Eloy"]
[Black "Morais, Miguel Almeida"]
[Result "0-1"]
[WhiteElo "1932"]
[BlackElo "1843"]
[PlyCount "80"]
[EventDate "2022.09.03"]
[EventType "swiss (rapid)"]
[EventRounds "11"]
[EventCountry "POR"]
[SourceTitle "CBM 210 Extra"]
[Source "ChessBase"]
[SourceDate "2022.11.30"]
[SourceVersion "1"]
[SourceVersionDate "2022.11.30"]
[SourceQuality "1"]

1. d4 d5 2. Bf4 Nf6 3. Nf3 c5 4. e3 Nc6 5. Nbd2 cxd4 6. exd4 Bg4 7. h3 Bh5 8. Bb5 a6 9. Bxc6+ bxc6 10. g4 Bg6 11. Ne5 c5 12. dxc5 e6 13. Nb3 Nd7 14. Nxd7 Qxd7 15. 0-0 Be7 16. c3 h5 17. Kg2 hxg4 18. hxg4 f6 19. Bg3 Kf7 20. f3 Bd8 21. Qe2 Bc7 22. Rae1 Bxg3 23. Kxg3 Qc7+ 24. f4 Rae8 25. Rh1 Be4 26. Rxh8 Rxh8 27. Nd2 g5 28. Nxe4 Qxf4+ 29. Kg2 Rh2+ 30. Kg1 Rxe2 31. Nd6+ Qxd6 32. cxd6 Rxe1+ 33. Kf2 Rb1 34. Ke3 e5 35. c4 dxc4 36. Ke4 Ke6 37. d7 Kxd7 38. Kf5 Ke7 39. Ke4 Rxb2 40. Kd5 c3 0-1

[Event "Lisbon Simoes Memorial 3rd"]
[Site "Lisbon"]
[Date "2019.10.16"]
[Round "3"]
[White "Alves, Luis Miguel Guerrei"]
[Black "Morais, Miguel Almeida"]
[Result "1-0"]
[WhiteElo "1706"]
[BlackElo "1379"]
[PlyCount "47"]
[EventDate "2019.10.02"]
[EventType "swiss"]
[EventRounds "5"]
[EventCountry "POR"]
[SourceTitle "CBM 192 Extra"]
[Source "Chessbase"]
[SourceDate "2019.11.06"]
[SourceVersion "1"]
[SourceVersionDate "2019.11.06"]
[SourceQuality "1"]

1. b3 d5 2. Bb2 Nf6 3. e3 e6 4. Nf3 Nbd7 5. c4 c6 6. Be2 Be7 7. Na3 0-0 8. g4 Ne4 9. Nc2 Bf6 10. d4 Ng5 11. Nd2 g6 12. f3 Nh3 13. Nf1 Bh4+ 14. Ng3 Qc7 15. f4 g5 16. Bf1 gxf4 17. Bxh3 fxg3 18. Kd2 Nf6 19. Bg2 gxh2 20. Qe2 Qg3 21. Raf1 Qxg4 22. Bf3 Ne4+ 23. Kc1 Qg5 24. Qxh2 1-0

[Event "Lisbon Simoes Memorial 3rd"]
[Site "Lisbon"]
[Date "2019.10.02"]
[Round "1"]
[White "Varela, Joaquim Antonio An"]
[Black "Morais, Miguel Almeida"]
[Result "1/2-1/2"]
[WhiteElo "1792"]
[BlackElo "1379"]
[PlyCount "121"]
[EventDate "2019.10.02"]
[EventType "swiss"]
[EventRounds "5"]
[EventCountry "POR"]
[SourceTitle "CBM 192 Extra"]
[Source "Chessbase"]
[SourceDate "2019.11.06"]
[SourceVersion "1"]
[SourceVersionDate "2019.11.06"]
[SourceQuality "1"]

1. e4 e5 2. Nf3 Nf6 3. d4 Nxe4 4. Bd3 d5 5. Nxe5 Be7 6. 0-0 0-0 7. c4 Nd7 8. Nf3 c6 9. Nc3 Nxc3 10. bxc3 Nf6 11. h3 h6 12. Qc2 b6 13. cxd5 cxd5 14. a4 Bb7 15. Bd2 Ne4 16. Bc1 Rc8 17. Bb2 Bb4 18. c4 Re8 19. Qb3 Ba5 20. c5 Re7 21. cxb6 Qxb6 22. Ra3 Qxb3 23. Rxb3 Bc6 24. Ra1 Rb7 25. Rxb7 Bxb7 26. Ra3 Bb4 27. Ra1 a5 28. g3 f6 29. Kg2 Bc6 30. Rc1 Nd6 31. Ba6 Bb7 32. Rxc8+ Bxc8 33. Bd3 Bd7 34. Bb1 Bxa4 35. Ba2 Nc4 36. Bc1 Bc2 37. Be3 a4 38. Bc1 Ba3 39. Bd2 Bd3 40. Bc3 Kf8 41. Nd2 Kg8 42. Nf1 Bxf1+ 43. Kxf1 Bc1 44. Bb1 a3 45. Bc2 a2 46. Ba1 Ba3 47. Ba4 Bb2 48. Bc6 Bxa1 49. Bxd5+ Kf8 50. Bxc4 Bxd4 51. Bxa2 Ke7 52. Ke2 Kd6 53. f3 Ke5 54. Kd3 Bf2 55. Ke2 Bxg3 56. Kf1 Kf4 57. Kg2 Be1 58. Bf7 Bh4 59. Bg6 Be1 60. Be8 Bh4 61. Bg6 1/2-1/2